| 000 | 00417nam a22001457a 4500 | ||
|---|---|---|---|
| 005 | 20250210193304.0 | ||
| 008 | 250210b |||||||| |||| 00| 0 eng d | ||
| 050 |
_aHC950 _b.A1 CHA |
||
| 245 |
_aAngola: _bA programme of action/ |
||
| 260 |
_aBraamfontein _bOSISA _c2003 |
||
| 300 |
_avi. 219p. _bill. _c20.5 cm |
||
| 650 | _2Development | ||
| 710 | _aThe Open Society Initiative for Southern Africa | ||
| 942 |
_2lcc _cBK _n0 |
||
| 999 |
_c3793 _d3793 |
||